000 00641nam a2200265Ia 4500
005 20260324153035.0
008 008 260324s9999 xx 000 0 eng d
020 _a9781785481697
037 _aEBOOK
040 _aCRL
040 _beng
040 _cCRL
041 _2eng
041 _aeng
084 _qCRL
100 _aVoirin, Jean-Luc
_91230423
245 0 _aModel-based System and Architecture Engineering
260 _bElsevier
260 _c2017
650 _aEngineering
856 _uhttps://www.sciencedirect.com/science/book/9781785481697
942 _cEBOOK
999 _c1841570
_d1841570